01269cam a22002775a 450000100070000000500170000700800410002402000150006504000330008008200190011311000390013224501320017126000500030330000250035350001480037850400410052665000350056765000400060265000270064265100100066965300230067971101600070294200080086299900170087095201040088792719920171218121704.0820925s1976 sz frb i100 0 eng d a9221015106 aDLCcDLCdDLCdEG-ScBUEbeng04a338.9222bEMP2 aInternational Labour Office93762110aEmployment, growth, and basic needs :ba one-world problem : report of the Director-General of the International Labour Office. aGeneva :bInternational Labour Office,c1976. avi, 177 p. ;c24 cm. aAt head of title: Tripartite World Conference on Employment, Income Distribution, and Social Progress and the International Division of Labour. aIncludes bibliographical references. 7aManpower policy.2BUEsh913912 7aEconomic development.2BUEsh910495 7aPoverty.2BUEsh923744 2BUEsh bGGENcDecember20172 aTripartite World Conference on Employment, Income Distribution, and Social Progress and the International Division of Labourd(1976 :cGeneva, Switzerland) 2ddc c25729d25701 00102ddc4070aMAINbMAINd2017-12-18ePurchasel0o338.9 EMPp000042673r2025-07-15 00:00:00yBB